[Event "European Women-ch 2023"]
[Site "Petrovac"]
[Date "2023.03.19"]
[Round "2.1"]
[White "Bivol, Alina"]
[Black "Sieber, Fiona"]
[Result "1-0"]
[WhiteElo "2365"]
[BlackElo "2217"]
[Annotator "TA"]
[PlyCount "67"]
[EventDate "2023.03.15"]
[EventType "swiss"]
[EventCountry "MNE"]
[SourceTitle "playchess.com"]
[Source "ChessBase"]
[SourceQuality "1"]

1. e4 c5 2. Nf3 e6 3. g3 Nc6 4. Bg2 Nf6 5. d3 Be7 6. O-O O-O 7. Qe2 d6 8. c3 Bd7 9. Rd1 b5 10. Nbd2 Qc7 11. d4 cxd4 12. cxd4 Nb4 13. e5 Nfd5 14. Ne4 Rfc8 15. Bg5 Bf8 16. Rac1 Qb6 17. a3 Rxc1 18. Rxc1 Na6 19. exd6 Bxd6 20. b4 Nac7 21. Bd2 Rd8 22. Qd3 Bc8 23. Ne5 Ne7 24. Nxf7 Kxf7 25. Ng5+ Ke8 26. Qf3 h6 27. Qf7+ Kd7 28. Nxe6 Nxe6 29. d5 Rh8 30. dxe6+ Kd8 31. Be3 Qa6 32. Rd1 Kc7 33. Rxd6 Qxd6 34. Bf4 1-0

[Event "European Women-ch 2023"]
[Site "Petrovac"]
[Date "2023.03.19"]
[Round "2.1"]
[White "Ovod, Evgenija"]
[Black "Mammadzada, Gunay"]
[Result "1/2-1/2"]
[WhiteElo "2305"]
[BlackElo "2472"]
[Annotator "TA"]
[PlyCount "73"]
[EventDate "2023.03.15"]
[EventType "swiss"]
[EventCountry "MNE"]
[SourceTitle "playchess.com"]
[Source "ChessBase"]
[SourceQuality "1"]

1. e4 c5 2. Nf3 d6 3. Bb5+ Bd7 4. Bxd7+ Nxd7 5. O-O Ngf6 6. Qe2 e6 7. c4 Ne5 8. b3 Be7 9. Nxe5 dxe5 10. Bb2 Nd7 11. f4 exf4 12. Bxg7 Rg8 13. Bb2 e5 14. Nc3 Bd6 15. Rf3 Qg5 16. Rh3 Rg7 17. Rh5 Qg6 18. Nd5 O-O-O 19. Rf1 f6 20. Rf2 Nf8 21. Rf5 Rf7 22. Qh5 Qg7 23. Qh4 Ng6 24. Qg4 Kb8 25. Kf1 Qf8 26. g3 Ne7 27. Nxe7 Qxe7 28. Qf3 Qe6 29. gxf4 exf4 30. Rd5 Rfd7 31. d3 Rg8 32. Bc1 Rg4 33. Rg2 Rh4 34. Qf2 Rg4 35. Qf3 Rh4 36. Qf2 Rg4 37. Qf3 1/2-1/2

[Event "European Women-ch 2023"]
[Site "Petrovac"]
[Date "2023.03.19"]
[Round "2.2"]
[White "Guichard, Pauline"]
[Black "Maione, Melissa"]
[Result "1-0"]
[WhiteElo "2379"]
[BlackElo "2028"]
[Annotator "TA"]
[PlyCount "75"]
[EventDate "2023.03.15"]
[EventType "swiss"]
[EventCountry "MNE"]
[SourceTitle "playchess.com"]
[Source "ChessBase"]
[SourceQuality "1"]

1. d4 Nf6 2. c4 g6 3. Nc3 d5 4. Nf3 Bg7 5. Bg5 c6 6. e3 O-O 7. Qb3 e6 8. Be2 Nbd7 9. O-O Qb6 10. Qc2 Re8 11. Rfd1 dxc4 12. Bxc4 e5 13. Na4 Qa5 14. Qb3 Rf8 15. dxe5 Nxe5 16. Nxe5 Qxe5 17. Bf4 Qf5 18. Nc3 Ng4 19. Rd2 Ne5 20. Be2 b6 21. Qa4 b5 22. Qa5 Be6 23. Rad1 h5 24. h3 Kh7 25. Bg3 Nc4 26. Bxc4 Bxc4 27. b3 Be6 28. Ne2 Bd5 29. Nf4 Be6 30. Nxe6 Qxe6 31. Rd6 Qe4 32. Qa6 h4 33. Bf4 Rfc8 34. Qb7 Kg8 35. Rc1 Rab8 36. Qxa7 Bf8 37. Rd4 Qf5 38. Bxb8 1-0

[Event "European Women-ch 2023"]
[Site "Petrovac"]
[Date "2023.03.19"]
[Round "2.2"]
[White "Unuk, Laura"]
[Black "Osmak, Yuliia"]
[Result "1/2-1/2"]
[WhiteElo "2297"]
[BlackElo "2445"]
[Annotator "TA"]
[PlyCount "175"]
[EventDate "2023.03.15"]
[EventType "swiss"]
[EventCountry "MNE"]
[SourceTitle "playchess.com"]
[Source "ChessBase"]
[SourceQuality "1"]

1. c4 e5 2. g3 c6 3. d4 e4 4. d5 Bb4+ 5. Bd2 Qe7 6. Bxb4 Qxb4+ 7. Nc3 Nf6 8. Qd2 Qxc4 9. e3 Qb4 10. a3 Qb6 11. Bg2 cxd5 12. Nxd5 Nxd5 13. Qxd5 O-O 14. Nh3 d6 15. Nf4 Nd7 16. Qxe4 Qxb2 17. O-O Nc5 18. Qd5 Rd8 19. Ra2 Qf6 20. Rd2 Be6 21. Qh5 Qe5 22. Qd1 Bc4 23. Re1 Rac8 24. Nd5 Nb3 25. f4 Qe8 26. Rc2 b5 27. Rc3 Nc5 28. Qd4 Qd7 29. f5 Bxd5 30. Bxd5 Qe7 31. Rd1 a5 32. e4 Kf8 33. Rf1 Qf6 34. Qxf6 gxf6 35. Rb1 Rb8 36. g4 b4 37. axb4 Rxb4 38. Rxb4 axb4 39. Rc1 Rb8 40. Kf1 b3 41. Ke2 Rb4 42. Rb1 b2 43. Ke3 Kg7 44. h3 h6 45. Kd2 Nxe4+ 46. Bxe4 Rxe4 47. Rxb2 h5 48. gxh5 Re5 49. Rb7 Rxf5 50. h6+ Kg6 51. h7 Rh5 52. Rd7 Rxh7 53. Rxd6 Rxh3 54. Ke2 Kf5 55. Rd7 Ke6 56. Ra7 f5 57. Kf2 Rb3 58. Ra5 Kf6 59. Ra7 Kg6 60. Rc7 Ra3 61. Rb7 f6 62. Rb8 Kg5 63. Rb4 Rh3 64. Ra4 Rh4 65. Ra8 Rb4 66. Ra3 Rb2+ 67. Kf3 Rh2 68. Kg3 Rh8 69. Ra5 Re8 70. Kf3 Re4 71. Ra8 Rf4+ 72. Kg3 Rb4 73. Rg8+ Kh6 74. Kf3 Kh7 75. Rg1 Rh4 76. Rg2 Kh6 77. Rg8 Rh5 78. Kf4 Rg5 79. Rh8+ Kg7 80. Ra8 Rh5 81. Rb8 Kf7 82. Ra8 Rg5 83. Rb8 Kg7 84. Ra8 Kg6 85. Rg8+ Kf7 86. Rxg5 fxg5+ 87. Kxf5 g4 88. Kxg4 1/2-1/2

[Event "European Women-ch 2023"]
[Site "Petrovac"]
[Date "2023.03.19"]
[Round "2.2"]
[White "Mamedjarova, Turkan"]
[Black "Vega Gutierrez, Sabrina"]
[Result "0-1"]
[WhiteElo "2229"]
[BlackElo "2361"]
[Annotator "TA"]
[PlyCount "87"]
[EventDate "2023.03.15"]
[EventType "swiss"]
[EventCountry "MNE"]
[SourceTitle "playchess.com"]
[Source "ChessBase"]
[SourceQuality "1"]

1. d4 Nf6 2. c4 e6 3. Nc3 d5 4. cxd5 exd5 5. Bg5 Be7 6. e3 h6 7. Bh4 Bg4 8. Qb3 Nbd7 9. h3 Be6 10. Bxf6 Nxf6 11. Bd3 O-O 12. Nge2 c5 13. Qc2 c4 14. Bf5 Qd7 15. Bxe6 fxe6 16. a4 b6 17. O-O a6 18. e4 b5 19. e5 Nh7 20. f4 b4 21. Nd1 Rab8 22. Ne3 Rf7 23. Kh1 Nf8 24. g4 b3 25. Qb1 Bb4 26. Qd1 Qd8 27. f5 Qa5 28. h4 Bd2 29. fxe6 Nxe6 30. Rxf7 Kxf7 31. Qf1+ Kg8 32. Qf5 Bxe3 33. Qxe6+ Kh8 34. Rf1 Qd2 35. Qd6 Rg8 36. Ng3 Bf4 37. Ne2 Be3 38. Ng3 Bf4 39. Ne2 Qxe2 40. Rxf4 c3 41. Rf6 Qd1+ 42. Kh2 Qd2+ 43. Kg3 cxb2 44. g5 0-1

[Event "European Women-ch 2023"]
[Site "Petrovac"]
[Date "2023.03.19"]
[Round "2.3"]
[White "Javakhishvili, Lela"]
[Black "Zimina, Olga"]
[Result "1-0"]
[WhiteElo "2443"]
[BlackElo "2295"]
[Annotator "TA"]
[PlyCount "111"]
[EventDate "2023.03.15"]
[EventType "swiss"]
[EventCountry "MNE"]
[SourceTitle "playchess.com"]
[Source "ChessBase"]
[SourceQuality "1"]

1. d4 d5 2. Nf3 Nf6 3. Bf4 c5 4. e3 Nc6 5. Nbd2 cxd4 6. exd4 Bf5 7. Bb5 Bd7 8. c3 g6 9. O-O Bg7 10. Bd3 Bf5 11. Bxf5 gxf5 12. Ne5 Qb6 13. Nxc6 bxc6 14. Qc2 O-O 15. Nb3 e6 16. Nc5 a5 17. Rae1 Kh8 18. Re3 Rg8 19. Rh3 Ra7 20. Re1 Qd8 21. Ree3 Bf8 22. Nd3 Ng4 23. Reg3 Bd6 24. Ne5 Bxe5 25. dxe5 Rb7 26. b3 Rg6 27. Rh5 f6 28. exf6 Kg8 29. Qe2 Qd7 30. Rg5 Kf7 31. h4 a4 32. R3xg4 fxg4 33. Qxg4 Kxf6 34. Be5+ Kf7 35. Qh5 Kg8 36. Rxg6+ hxg6 37. Qxg6+ Kf8 38. Qh6+ Kg8 39. Qh8+ Kf7 40. Qh5+ Kf8 41. Qh6+ Ke8 42. Qh8+ Kf7 43. h5 axb3 44. axb3 Qe7 45. Qh7+ Kf8 46. Qxe7+ Kxe7 47. b4 Kf7 48. g4 Kg8 49. Kg2 Kh7 50. Kf3 Rf7+ 51. Ke3 Kh6 52. f4 Rf8 53. Kd4 Rg8 54. Kc5 Rxg4 55. Kxc6 Kxh5 56. b5 1-0

[Event "European Women-ch 2023"]
[Site "Petrovac"]
[Date "2023.03.19"]
[Round "2.3"]
[White "Sargsyan, Anna M."]
[Black "Donghvani, Nia"]
[Result "1-0"]
[WhiteElo "2371"]
[BlackElo "2025"]
[Annotator "TA"]
[PlyCount "65"]
[EventDate "2023.03.15"]
[EventType "swiss"]
[EventCountry "MNE"]
[SourceTitle "playchess.com"]
[Source "ChessBase"]
[SourceQuality "1"]

1. e4 c5 2. Nf3 e6 3. d4 cxd4 4. Nxd4 Nf6 5. Bd3 Nc6 6. Nxc6 bxc6 7. O-O d5 8. e5 Nd7 9. Re1 g6 10. Nd2 Bg7 11. Nf3 Qc7 12. Bf4 O-O 13. h4 c5 14. c3 Bb7 15. h5 Rae8 16. Qd2 Nb6 17. Nh2 Nc4 18. Bxc4 dxc4 19. Ng4 Rd8 20. Qc1 Qc6 21. f3 Rd3 22. Re4 f6 23. exf6 Bxf6 24. hxg6 Qd7 25. gxh7+ Kxh7 26. Bd6 Qxd6 27. Qh6+ Kg8 28. Nxf6+ Kf7 29. Rf4 Rd1+ 30. Rxd1 Qxd1+ 31. Kh2 Rc8 32. Qh7+ Kf8 33. Nd7+ 1-0

[Event "European Women-ch 2023"]
[Site "Petrovac"]
[Date "2023.03.19"]
[Round "2.3"]
[White "Mammadova, Gulnar"]
[Black "Rudzinska, Michalina"]
[Result "1-0"]
[WhiteElo "2358"]
[BlackElo "2212"]
[Annotator "TA"]
[PlyCount "81"]
[EventDate "2023.03.15"]
[EventType "swiss"]
[EventCountry "MNE"]
[SourceTitle "playchess.com"]
[Source "ChessBase"]
[SourceQuality "1"]

1. c4 e6 2. Nc3 d5 3. d4 c5 4. cxd5 cxd4 5. Qxd4 Nc6 6. Qa4 exd5 7. e3 Nf6 8. Nf3 Bd6 9. Nb5 Bc5 10. Nbd4 Bd7 11. Nxc6 bxc6 12. Ne5 Qe7 13. Nxd7 Bb4+ 14. Bd2 Bxd2+ 15. Kxd2 Ne4+ 16. Ke1 Qxd7 17. Bd3 Nc5 18. Qa3 Nxd3+ 19. Qxd3 O-O 20. Kf1 c5 21. h4 Rfd8 22. Rh3 a5 23. h5 Rab8 24. b3 a4 25. bxa4 Qxa4 26. h6 g6 27. Kg1 Qb4 28. Rc1 Ra8 29. Rb1 Ra3 30. Qc2 Rc3 31. Qd1 Qe4 32. Rf3 Qd3 33. Qxd3 Rxd3 34. Rb7 f5 35. Rg7+ Kh8 36. Rc7 c4 37. g4 Rf8 38. gxf5 Kg8 39. fxg6 Rxf3 40. Rc8+ Rf8 41. Rxf8+ 1-0

[Event "European Women-ch 2023"]
[Site "Petrovac"]
[Date "2023.03.19"]
[Round "2.4"]
[White "Lazarne Vajda, Szidonia"]
[Black "Bulmaga, Irina"]
[Result "0-1"]
[WhiteElo "2294"]
[BlackElo "2438"]
[Annotator "TA"]
[PlyCount "46"]
[EventDate "2023.03.15"]
[EventType "swiss"]
[EventCountry "MNE"]
[SourceTitle "playchess.com"]
[Source "ChessBase"]
[SourceQuality "1"]

1. d4 Nf6 2. c4 e6 3. g3 d5 4. Bg2 dxc4 5. Nf3 a6 6. a4 c5 7. Na3 cxd4 8. Nxc4 Nc6 9. O-O Bc5 10. Nfe5 Nxe5 11. Nxe5 O-O 12. Qc2 Bd6 13. Nc4 Bc7 14. Rd1 e5 15. e3 Bg4 16. f3 Be6 17. exd4 exd4 18. Be3 b5 19. Rxd4 Nd5 20. Rxd5 Bxd5 21. axb5 axb5 22. Rxa8 Bxa8 23. Na3 Bb6 0-1

[Event "European Women-ch 2023"]
[Site "Petrovac"]
[Date "2023.03.19"]
[Round "2.4"]
[White "Olde, Margareth"]
[Black "Ismayil, Malak"]
[Result "1-0"]
[WhiteElo "2234"]
[BlackElo "2011"]
[Annotator "TA"]
[PlyCount "155"]
[EventDate "2023.03.15"]
[EventType "swiss"]
[EventCountry "MNE"]
[SourceTitle "playchess.com"]
[Source "ChessBase"]
[SourceQuality "1"]

1. d4 Nf6 2. c4 e6 3. Nf3 d5 4. g3 dxc4 5. Bg2 Nc6 6. Qa4 Bb4+ 7. Bd2 Nd5 8. Bxb4 Ndxb4 9. Ne5 Bd7 10. O-O Rb8 11. Nxc6 Nxc6 12. Qxc4 e5 13. dxe5 Nxe5 14. Qc3 f6 15. Rd1 O-O 16. f4 Nf7 17. Na3 Qc8 18. Rac1 c6 19. Nc4 Bh3 20. Bh1 Qe6 21. e4 Rfd8 22. Bf3 Qe7 23. Qe3 Be6 24. Qxa7 Ra8 25. Rxd8+ Qxd8 26. Qc5 Qd3 27. Bg2 Rxa2 28. Qe7 Qd4+ 29. Kh1 Qd7 30. Qxd7 Bxd7 31. Bf1 b5 32. Nb6 Be8 33. b3 Ra3 34. Rc3 Nd6 35. e5 fxe5 36. fxe5 Ne4 37. Re3 Bg6 38. Bh3 Ng5 39. Bd7 Be4+ 40. Kg1 Bf3 41. h4 Ra1+ 42. Kf2 Ra2+ 43. Ke1 Ra1+ 44. Kd2 Ne4+ 45. Kc2 Ra2+ 46. Kc1 Ra1+ 47. Kb2 Rf1 48. e6 b4 49. e7 Rf2+ 50. Kc1 Rf1+ 51. Kc2 Bd1+ 52. Kb2 Nf6 53. e8=Q+ Nxe8 54. Bxe8 Rf2+ 55. Kc1 Bf3 56. Bd7 h5 57. Be6+ Kh7 58. Nd7 Bg2 59. Ne5 Rf6 60. Nd3 Rf1+ 61. Kd2 c5 62. Nxc5 Bf3 63. Nd3 Rd1+ 64. Kc2 Rf1 65. Nxb4 Bd1+ 66. Kd2 Bf3 67. Nd3 Bc6 68. Nf4 g6 69. Rc3 Be4 70. b4 Kg7 71. Bd5 Bf5 72. b5 Kf6 73. b6 Ke5 74. b7 Rf2+ 75. Kc1 Rf1+ 76. Kd2 Rf2+ 77. Ke1 Rb2 78. Rb3 1-0

[Event "European Women-ch 2023"]
[Site "Petrovac"]
[Date "2023.03.19"]
[Round "2.4"]
[White "Gajcin, Marina"]
[Black "Tsolakidou, Stavroula"]
[Result "0-1"]
[WhiteElo "2215"]
[BlackElo "2358"]
[Annotator "TA"]
[PlyCount "128"]
[EventDate "2023.03.15"]
[EventType "swiss"]
[EventCountry "MNE"]
[SourceTitle "playchess.com"]
[Source "ChessBase"]
[SourceQuality "1"]

1. e4 e5 2. Nf3 Nc6 3. Bc4 Nf6 4. d3 h6 5. Nc3 d6 6. h3 g6 7. a3 Bg7 8. Be3 Be6 9. Bxe6 fxe6 10. d4 exd4 11. Nxd4 Qd7 12. O-O O-O 13. Nxc6 Qxc6 14. Qd3 Nd7 15. f4 Nc5 16. Bxc5 Qxc5+ 17. Kh1 Bxc3 18. bxc3 Rf7 19. Rf3 Raf8 20. Raf1 Kh7 21. c4 c6 22. f5 exf5 23. exf5 Rxf5 24. Rxf5 Rxf5 25. Rxf5 gxf5 26. g4 Kg7 27. gxf5 Kf6 28. Qd2 Kxf5 29. Qxh6 Qxa3 30. Qh5+ Kf4 31. Qg4+ Ke5 32. Qg7+ Ke6 33. Qg4+ Ke7 34. Qe4+ Kd8 35. Kg2 Qc3 36. h4 a5 37. h5 Qg7+ 38. Kh3 Kc7 39. Qg6 Qc3+ 40. Qd3 Qh8 41. Qf5 Kb6 42. Qf2+ c5 43. Qf3 a4 44. Qd5 Qe5 45. Qxe5 dxe5 46. h6 a3 47. h7 a2 48. h8=Q a1=Q 49. Qd8+ Ka7 50. Qd3 Qd4 51. Qa3+ Kb8 52. Qb3 Kc7 53. Kg2 Qf4 54. Qb5 Qd2+ 55. Kf3 Qb4 56. Qe8 Qc3+ 57. Kf2 Qxc2+ 58. Ke3 Qc3+ 59. Kf2 Qd4+ 60. Ke1 e4 61. Qf7+ Kb6 62. Qe6+ Ka5 63. Qf7 Qe3+ 64. Kd1 Qf3+ 0-1

[Event "European Women-ch 2023"]
[Site "Petrovac"]
[Date "2023.03.19"]
[Round "2.5"]
[White "Socko, Monika"]
[Black "Urh, Zala"]
[Result "1-0"]
[WhiteElo "2432"]
[BlackElo "2294"]
[Annotator "TA"]
[PlyCount "73"]
[EventDate "2023.03.15"]
[EventType "swiss"]
[EventCountry "MNE"]
[SourceTitle "playchess.com"]
[Source "ChessBase"]
[SourceQuality "1"]

1. d4 d5 2. c4 e6 3. Nc3 Nf6 4. Nf3 dxc4 5. e3 a6 6. a4 c5 7. Bxc4 Be7 8. O-O cxd4 9. exd4 Nc6 10. Re1 O-O 11. Bg5 h6 12. Bh4 Nb4 13. Qb3 Nc6 14. Rad1 Na5 15. Qa2 Nxc4 16. Qxc4 Nd5 17. Bxe7 Nxe7 18. Ne5 b6 19. d5 exd5 20. Nxd5 Nxd5 21. Rxd5 Qf6 22. Qd4 Bb7 23. Rd6 Qg5 24. f3 Rac8 25. Rxb6 Rc2 26. Ng4 Rd8 27. h4 Rxd4 28. hxg5 h5 29. Re8+ Kh7 30. Ne5 Rd1+ 31. Kh2 Rdd2 32. Rxb7 Rxg2+ 33. Kh3 Rh2+ 34. Kg3 Rcg2+ 35. Kf4 Rxb2 36. Rxf7 Rh4+ 37. Kf5 1-0

[Event "European Women-ch 2023"]
[Site "Petrovac"]
[Date "2023.03.19"]
[Round "2.5"]
[White "Cyfka, Karina"]
[Black "Kubicka, Anna"]
[Result "1-0"]
[WhiteElo "2350"]
[BlackElo "2211"]
[Annotator "TA"]
[PlyCount "99"]
[EventDate "2023.03.15"]
[EventType "swiss"]
[EventCountry "MNE"]
[SourceTitle "playchess.com"]
[Source "ChessBase"]
[SourceQuality "1"]

1. d4 Nf6 2. Nc3 d5 3. Bf4 Bf5 4. e3 e6 5. Bd3 Bxd3 6. Qxd3 a6 7. Nf3 Bd6 8. O-O O-O 9. Rfe1 Nc6 10. a3 Ne7 11. Bxd6 cxd6 12. e4 dxe4 13. Nxe4 Ng6 14. g3 Nxe4 15. Rxe4 d5 16. Re2 Qb6 17. c3 a5 18. h4 Qa6 19. Qd2 h6 20. Rae1 Rfe8 21. h5 Nf8 22. g4 Nh7 23. g5 Nxg5 24. Nxg5 hxg5 25. Qxg5 Qd3 26. Re3 Qh7 27. Qxd5 Red8 28. Qg5 Kh8 29. Kg2 b6 30. Re4 Rd7 31. c4 Qh6 32. Qxh6+ gxh6 33. Kf3 Rg8 34. Ke3 Rg5 35. Re5 Kg7 36. Rxg5+ hxg5 37. c5 e5 38. c6 exd4+ 39. Kd3 Rc7 40. Rc1 Kf6 41. Kxd4 Ke6 42. h6 Rc8 43. c7 f5 44. h7 Kd7 45. Ke5 Re8+ 46. Kxf5 Kc8 47. Kxg5 b5 48. Kg6 b4 49. axb4 axb4 50. Kf7 1-0

[Event "European Women-ch 2023"]
[Site "Petrovac"]
[Date "2023.03.19"]
[Round "2.5"]
[White "Richterova, Natasa"]
[Black "Ter-Avetisjana, Agnesa Stepania"]
[Result "1-0"]
[WhiteElo "2190"]
[BlackElo "1974"]
[Annotator "TA"]
[PlyCount "61"]
[EventDate "2023.03.15"]
[EventType "swiss"]
[EventCountry "MNE"]
[SourceTitle "playchess.com"]
[Source "ChessBase"]
[SourceQuality "1"]

1. e4 c6 2. d4 d5 3. e5 Bf5 4. h4 h5 5. Be2 g6 6. c4 e6 7. Nc3 Be7 8. Nf3 Bg4 9. Qb3 b6 10. cxd5 exd5 11. Ng5 Nh6 12. g3 Nf5 13. Qd1 Bxe2 14. Nxe2 c5 15. O-O O-O 16. dxc5 bxc5 17. e6 Bxg5 18. exf7+ Rxf7 19. Bxg5 Qd6 20. Nf4 Nd4 21. b4 Nbc6 22. bxc5 Qxc5 23. Nxg6 Nf3+ 24. Kg2 d4 25. Bf4 Qd5 26. Qxf3 Qxf3+ 27. Kxf3 Kg7 28. Rac1 Rc8 29. Rxc6 Rxc6 30. Ne5 Rc3+ 31. Ke4 1-0

[Event "European Women-ch 2023"]
[Site "Petrovac"]
[Date "2023.03.19"]
[Round "2.6"]
[White "Badelka, Olga"]
[Black "Kulon, Klaudia"]
[Result "1-0"]
[WhiteElo "2428"]
[BlackElo "2290"]
[Annotator "TA"]
[PlyCount "86"]
[EventDate "2023.03.15"]
[EventType "swiss"]
[EventCountry "MNE"]
[SourceTitle "playchess.com"]
[Source "ChessBase"]
[SourceQuality "1"]

1. e4 d5 2. exd5 Qxd5 3. Nc3 Qd8 4. d4 Nf6 5. Nf3 g6 6. Bc4 Bg7 7. O-O O-O 8. Re1 Nc6 9. h3 b6 10. a3 Bb7 11. b4 e6 12. Bf4 Ne7 13. Be5 Nf5 14. Nb5 Nd5 15. a4 a6 16. Na3 Nxb4 17. c3 Nd5 18. Qd2 Bh6 19. Qd3 Nf4 20. Bxf4 Bxf4 21. Nc2 Qf6 22. Qe2 Rfd8 23. Rab1 Bc6 24. Ne3 Bxa4 25. Ng4 Qe7 26. Bxa6 c5 27. g3 Bc7 28. Bb7 Rab8 29. Be4 Ng7 30. Ra1 Be8 31. Ra7 h5 32. Rxc7 Qxc7 33. Nf6+ Kf8 34. Qe3 cxd4 35. Qh6 dxc3 36. Qh8+ Ke7 37. Qxg7 Bc6 38. Ng5 Kd6 39. Nxf7+ Kc5 40. Bxc6 Qxc6 41. Nxd8 Rxd8 42. Qe7+ Rd6 43. Ne4+ Kd5 1-0

[Event "European Women-ch 2023"]
[Site "Petrovac"]
[Date "2023.03.19"]
[Round "2.6"]
[White "Brunello, Marina"]
[Black "Ibrahimova, Sabina"]
[Result "1-0"]
[WhiteElo "2346"]
[BlackElo "2207"]
[Annotator "TA"]
[PlyCount "113"]
[EventDate "2023.03.15"]
[EventType "swiss"]
[EventCountry "MNE"]
[SourceTitle "playchess.com"]
[Source "ChessBase"]
[SourceQuality "1"]

1. e4 c5 2. Nf3 Nc6 3. d4 cxd4 4. Nxd4 g6 5. c4 Nf6 6. Nc3 d6 7. Be2 Nxd4 8. Qxd4 Bg7 9. Be3 O-O 10. Qd2 a5 11. f3 a4 12. Nb5 a3 13. Bd4 axb2 14. Qxb2 Nh5 15. O-O Bxd4+ 16. Qxd4 Nf4 17. Bd1 Ra6 18. Kh1 Bd7 19. Bb3 Ne6 20. Qd2 Qa5 21. Nc3 Nc5 22. Rad1 Rc8 23. Qd4 Ne6 24. Qe3 Qc5 25. Qd2 Qb4 26. f4 Nc5 27. f5 Nxb3 28. axb3 Ra5 29. Nd5 Qxd2 30. Rxd2 Kf8 31. f6 exf6 32. Nxf6 Bc6 33. Rxd6 Ke7 34. Rd3 Re5 35. Nd5+ Bxd5 36. exd5 Rd8 37. Kg1 f5 38. Kf2 Ra8 39. Rd2 Ra3 40. Rb1 Kd6 41. b4 Rc3 42. c5+ Kd7 43. Re1 Rxe1 44. Kxe1 Rc4 45. Rb2 Re4+ 46. Kf2 Rd4 47. d6 Kc6 48. Ke1 Kd7 49. Ke2 f4 50. Kf3 h5 51. h4 Kc6 52. Rb1 b6 53. Rc1 Rxb4 54. Rd1 Kd7 55. c6+ Kd8 56. c7+ Kd7 57. Rc1 1-0

[Event "European Women-ch 2023"]
[Site "Petrovac"]
[Date "2023.03.19"]
[Round "2.6"]
[White "Calzetta Ruiz, Monica"]
[Black "Mashchenko, Tamila"]
[Result "1-0"]
[WhiteElo "2185"]
[BlackElo "1956"]
[Annotator "TA"]
[PlyCount "79"]
[EventDate "2023.03.15"]
[EventType "swiss"]
[EventCountry "MNE"]
[SourceTitle "playchess.com"]
[Source "ChessBase"]
[SourceQuality "1"]

1. e4 c5 2. Nf3 Nc6 3. d4 cxd4 4. Nxd4 Nf6 5. Nc3 e5 6. Ndb5 d6 7. Nd5 Nxd5 8. exd5 Nb8 9. c4 Be7 10. Be2 Nd7 11. O-O O-O 12. a4 f5 13. a5 a6 14. Nc3 Bg5 15. b4 Bxc1 16. Qxc1 Qh4 17. f4 e4 18. Ra3 Qf6 19. Qe3 Rd8 20. Na4 Nf8 21. Nb6 Rb8 22. Rc3 Bd7 23. Rfc1 Ng6 24. c5 dxc5 25. bxc5 Ne7 26. Bc4 Kh8 27. Rb3 Bb5 28. Bxb5 axb5 29. d6 Nc6 30. Rxb5 Qd4 31. Kf2 g5 32. g3 gxf4 33. gxf4 Qf6 34. Nd5 Qh4+ 35. Qg3 Qxg3+ 36. hxg3 Nd4 37. Rb6 Kg8 38. Rcb1 Ne6 39. c6 Rxd6 40. c7 1-0

[Event "European Women-ch 2023"]
[Site "Petrovac"]
[Date "2023.03.19"]
[Round "2.7"]
[White "Krasteva, Beloslava"]
[Black "Fataliyeva, Ulviyya"]
[Result "1/2-1/2"]
[WhiteElo "2292"]
[BlackElo "2427"]
[Annotator "TA"]
[PlyCount "118"]
[EventDate "2023.03.15"]
[EventType "swiss"]
[EventCountry "MNE"]
[SourceTitle "playchess.com"]
[Source "ChessBase"]
[SourceQuality "1"]

1. c4 e6 2. Nf3 d5 3. g3 c6 4. Bg2 Bd6 5. O-O Nf6 6. d4 O-O 7. Nc3 Ne4 8. Nxe4 dxe4 9. Ne1 f5 10. f3 e5 11. c5 Be7 12. fxe4 Qxd4+ 13. Qxd4 exd4 14. Nd3 fxe4 15. Rxf8+ Bxf8 16. Bxe4 Nd7 17. b4 a5 18. Bd2 Nf6 19. Bf3 axb4 20. Bxb4 Bf5 21. a3 Nd7 22. Rc1 Bxd3 23. exd3 Re8 24. Bg4 Nf6 25. Bh3 g6 26. Rc4 Bh6 27. Kf1 Be3 28. Be1 Nd5 29. Bg2 Nc7 30. Ke2 Na6 31. Kd1 Re5 32. Bb4 Bg1 33. Be4 Nc7 34. Rc2 Ne6 35. a4 Ng5 36. Bg2 Re3 37. Bf1 Rf3 38. Ke1 Rf5 39. h4 Nf3+ 40. Kd1 Ne5 41. Be2 Rf2 42. Be1 Rf7 43. Rb2 h5 44. a5 Be3 45. Bd2 Bxd2 46. Kxd2 Kf8 47. Rb4 Rd7 48. Bf1 Ke8 49. Bh3 Rf7 50. Ke2 Rf2+ 51. Kxf2 Nxd3+ 52. Ke2 Nxb4 53. Bc8 Kd8 54. Bxb7 Kc7 55. a6 Kb8 56. Kd2 Kc7 57. Ke2 Kb8 58. Kd2 Ka7 59. Ke2 Kb8 1/2-1/2

[Event "European Women-ch 2023"]
[Site "Petrovac"]
[Date "2023.03.19"]
[Round "2.7"]
[White "Sandu, Mihaela"]
[Black "Savina, Anastasia"]
[Result "1/2-1/2"]
[WhiteElo "2211"]
[BlackElo "2345"]
[Annotator "TA"]
[PlyCount "98"]
[EventDate "2023.03.15"]
[EventType "swiss"]
[EventCountry "MNE"]
[SourceTitle "playchess.com"]
[Source "ChessBase"]
[SourceQuality "1"]

1. e4 e5 2. Nf3 Nc6 3. Bb5 a6 4. Ba4 Nf6 5. O-O Be7 6. Re1 b5 7. Bb3 d6 8. c3 O-O 9. h3 Nb8 10. d4 Nbd7 11. Nbd2 Bb7 12. Bc2 Re8 13. Nf1 Bf8 14. Ng3 g6 15. a4 Bg7 16. b3 d5 17. exd5 exd4 18. axb5 Nxd5 19. Rxe8+ Qxe8 20. cxd4 axb5 21. Rxa8 Qxa8 22. Bd2 c5 23. dxc5 Nxc5 24. Qe2 b4 25. Qc4 Ne6 26. Ng5 Nxg5 27. Bxg5 Qa1+ 28. Kh2 Qe5 29. Qb5 Qxg5 30. Qxb7 h5 31. Be4 Nc3 32. Bf3 Be5 33. Kg1 h4 34. Nf1 Qf4 35. Qc8+ Kg7 36. Qg4 Nb5 37. Qxf4 Bxf4 38. Bd5 Nc3 39. Bf3 Kf6 40. g3 hxg3 41. fxg3 Bc1 42. Kg2 Ke5 43. Bc6 Ne4 44. Be8 Nd6 45. Bc6 Kd4 46. h4 Kc3 47. Bd5 Kd4 48. Bc6 Kc3 49. Bd5 Kd4 1/2-1/2

[Event "European Women-ch 2023"]
[Site "Petrovac"]
[Date "2023.03.19"]
[Round "2.7"]
[White "Bluebaum, Johanna"]
[Black "Jarocka, Liwia"]
[Result "1/2-1/2"]
[WhiteElo "1954"]
[BlackElo "2181"]
[Annotator "TA"]
[PlyCount "105"]
[EventDate "2023.03.15"]
[EventType "swiss"]
[EventCountry "MNE"]
[SourceTitle "playchess.com"]
[Source "ChessBase"]
[SourceQuality "1"]

1. d4 Nf6 2. c4 e6 3. Nc3 Bb4 4. e3 O-O 5. Bd2 d5 6. Nf3 b6 7. cxd5 exd5 8. Rc1 Re8 9. Ne5 a6 10. Bd3 c5 11. O-O Bb7 12. a3 Ba5 13. Be1 b5 14. f4 Bb6 15. Bb1 cxd4 16. exd4 Qd6 17. Bh4 Nbd7 18. Kh1 Ne4 19. Qh5 g6 20. Qd1 Bd8 21. Bxd8 Raxd8 22. Ba2 Nxc3 23. Rxc3 Nf6 24. f5 Ne4 25. fxg6 fxg6 26. Re3 Rxe5 27. dxe5 Qxe5 28. Qf3 Kh8 29. Bb1 Qxb2 30. Qf7 Qg7 31. Bxe4 dxe4 32. h3 Qxf7 33. Rxf7 Bd5 34. Ra7 Re8 35. Rxa6 Bc4 36. Ra7 Bd3 37. Kh2 Kg8 38. Kg3 Re5 39. h4 Rc5 40. Re1 Rc3 41. Kf4 Rc5 42. g4 h6 43. Ke3 Rc2 44. g5 hxg5 45. hxg5 Rc5 46. Rg1 Rc8 47. Kd4 Rd8+ 48. Ke3 Rc8 49. Rh1 Rc5 50. Rhh7 Rxg5 51. Rag7+ Kf8 52. Rf7+ Kg8 53. Rfg7+ 1/2-1/2

[Event "European Women-ch 2023"]
[Site "Petrovac"]
[Date "2023.03.19"]
[Round "2.8"]
[White "Wagner, Dinara"]
[Black "Schulze, Lara"]
[Result "1-0"]
[WhiteElo "2411"]
[BlackElo "2277"]
[Annotator "TA"]
[PlyCount "67"]
[EventDate "2023.03.15"]
[EventType "swiss"]
[EventCountry "MNE"]
[SourceTitle "playchess.com"]
[Source "ChessBase"]
[SourceQuality "1"]

1. d4 d5 2. c4 e6 3. Nc3 Nf6 4. Bg5 c5 5. cxd5 cxd4 6. Qa4+ Qd7 7. Qxd4 Nxd5 8. Nxd5 Qxd5 9. Qxd5 exd5 10. Nf3 Nc6 11. g3 Bg4 12. Bg2 Bb4+ 13. Bd2 O-O 14. Bxb4 Nxb4 15. Kd2 Rac8 16. Rhc1 Rxc1 17. Rxc1 Nxa2 18. Ra1 Nb4 19. Rxa7 Rb8 20. Ra4 Bxf3 21. Bxf3 Nc6 22. Bxd5 Rd8 23. e4 Ne7 24. Ke3 Nxd5+ 25. exd5 Kf8 26. Kd4 Ke7 27. Rb4 Rd7 28. Rb6 f6 29. f4 Kf7 30. f5 Rc7 31. d6 Rd7 32. Kd5 h5 33. Rb4 Ke8 34. Ke6 1-0